Top 100 Greatest Football Players of All-Time - Statistics

General Stats
  • This quiz has been taken 152 times
  • The average score is 55 of 100
Answer Stats
Rank Player Position Country % Correct
1 Cristiano Ronaldo Forward Portugal
99%
2 Lionel Messi Forward Argentina
99%
14 Ronaldo Forward Brazil
98%
3 Pelé Forward Brazil
96%
4 Diego Maradona Miedfielder Argentina
95%
6 Gerd Müller Forward Germany
88%
7 Zinedine Zidane Midfielder France
88%
9 Kylian Mbappé Forward France
87%
5 Robert Lewandowski Forward Poland
87%
51 Thomas Müller Forward Germany
87%
12 Luka Modrić Midfielder Croatia
85%
16 Xavi Midfielder Spain
85%
15 Manuel Neuer Goalkeeper Germany
84%
11 Paolo Maldini Defender Italy
84%
8 Andrés Iniesta Midfielder Spain
83%
17 Luis Suárez Forward Uruguay
83%
26 Thierry Henry Forward France
81%
13 Franz Beckenbauer Defender Germany
80%
23 Gianluigi Buffon Goalkeeper Italy
79%
39 Neymar Forward/Midfielder Brazil
79%
10 Johan Cruyff Midfielder Netherlands
78%
28 Mohamed Salah Forward Egypt
78%
91 Oliver Kahn Goalkeeper Germany
78%
22 Sergio Ramos Defender Spain
76%
31 Ronaldinho Midfielder Brazil
74%
85 Wayne Rooney Forward England
73%
33 Zlatan Ibrahimović Forward Sweden
72%
52 Erling Haaland Forward Norway
70%
25 Ferenc Puskás Forward Hungary
70%
32 Iker Casillas Goalkeeper Spain
70%
49 Lev Yashin Goalkeeper Soviet Union
70%
45 Philipp Lahm Defender Germany
70%
37 Kevin DeBruyne Midfielder Belgium
67%
20 Marco van Basten Forward Netherlands
67%
19 Michel Platini Midfielder France
67%
53 Ruud Gullit Forward/Midfielder/Defender Netherlands
67%
29 Eusébio Forward Portugal
65%
27 Bobby Charlton Midfielder England
63%
36 Roberto Carlos Defender Brazil
62%
84 Gareth Bale Forward Wales
61%
21 Harry Kane Forward England
61%
18 Karim Benzema Forward France
60%
50 Rivaldo Midfielder Brazil
59%
61 Andriy Schevchenko Forward Ukraine
58%
60 Virgil van Dijk Defender Netherlands
57%
71 Cafu Defender Brazil
56%
47 Carles Puyol Defender Spain
56%
79 George Best Midfielder N. Ireland
56%
48 Luís Figo Forward/Midfielder Portugal
56%
74 Sergio Agüero Forward Argentina
55%
87 Peter Schmeichel Goalkeeper Denmark
54%
65 Steven Gerrard Midfielder England
54%
96 Fabio Cannavaro Defender Italy
53%
62 Kaká Midfielder Brazil
53%
24 Alfredo Di Stéfano Forward Argentina
52%
35 Toni Kroos Midfielder Germany
52%
73 Edinson Cavani Forward Uruguay
51%
99 George Weah Forward Liberia
51%
88 Petr Čech Goalkeeper Czech Republic
51%
75 Samuel Eto’o Forward Cameroon
51%
77 Alessandro Del Piero Forward Italy
49%
68 Alessandro Nesta Defender Italy
48%
43 Francesco Totti Forward Italy
48%
78 Gerard Piqué Defender Spain
48%
57 Marcelo Defender Brazil
47%
63 Andrea Pirlo Midfielder Italy
46%
67 Ángel Di María Midfielder Argentina
46%
83 Antoine Griezmann Midfielder/Forward France
46%
30 Lothar Matthäus Midfielder Germany
46%
80 Miroslav Klose Forward Germany
46%
81 Pavel Nedvěd Midfielder Czech Republic
46%
42 Franco Baresi Defender Italy
45%
64 Bobby Moore Defender England
43%
46 Dani Alves Defender Brazil
41%
70 Ruud van Nistelrooy Forward Netherlands
41%
38 Garrincha Midfielder Brazil
40%
44 Raúl Forward Spain
38%
40 Roberto Baggio Forward/Midfielder Italy
38%
41 Romário Forward Brazil
38%
66 Franck Ribéry Midfielder France
37%
59 Alan Shearer Forward England
36%
76 Gonzalo Higuaín Forward Argentina
36%
69 Lilian Thuram Defender France
36%
90 Zico Midfielder Brazil
36%
58 Hugo Sánchez Forward Mexico
35%
89 Marcel Desailly Defender France
34%
54 Paolo Rossi Forward Italy
31%
34 Karl-Heinz Rummenigge Forward Germany
27%
97 Jean-Pierre Papin Forward France
25%
98 Raymond Kopa Forward France
25%
94 Gordon Banks Goalkeeper England
22%
55 Mario Kempes Forward Argentina
20%
56 Giuseppe Meazza Forward Italy
17%
95 Kevin Keegan Forward England
12%
86 Immobile Forward Italy
10%
82 Daniel Passarella Defender Argentina
9%
93 Oleg Blokhin Forward Ukraine
9%
92 Paul Breitner Midfielder/Forward Germany
5%
100 Giacinto Fachetti Defender Italy
1%
72 José Manuel Moreno Forward Argentina
1%
No matching quizzes found
Score Distribution
Percent of People with Each Score
Percentile by Number Answered
Your Score History
You have not taken this quiz